[Event "-chT Youth Countries 2019"]
[Site "Wuerzburg"]
[Date "2019.10.02"]
[Round "2.4"]
[White "Hommer, Jeremy"]
[Black "Lohvinov, Petro"]
[Result "1-0"]
[WhiteElo "2133"]
[BlackElo "2117"]
[Annotator "NA"]
[PlyCount "52"]
[EventDate "2019.10.02"]
[EventType "team-tourn"]
[EventRounds "7"]
[EventCountry "GER"]
[SourceTitle "playchess.com"]
[Source "ChessBase"]
[SourceQuality "1"]
[WhiteTeam "Niedersachsen"]
[BlackTeam "Bayern 1"]
[TimeControl "40/5400+30:1800+30"]

1. d4 {[%emt 0:00:00]} Nf6 {[%emt 0:00:00]} 2. Bf4 {[%emt 0:00:00]} g6 {[%emt 0:00:00]} 3. Nc3 {[%emt 0:00:00]} d5 {[%emt 0:00:00]} 4. e3 {[%emt 0:00:00]} Bg7 {[%emt 0:00:00]} 5. h4 {[%emt 0:00:04]} c6 {[%emt 0:09:52]} 6. Nf3 {[%emt 0:04:40]} Bg4 {[%emt 0:00:11]} 7. Be2 {[%emt 0:02:37]} Bxf3 {[%emt 0:00:25]} 8. Bxf3 {[%emt 0:00:26]} h5 {[%emt 0:04:34]} 9. Qd2 {[%emt 0:07:15]} Nbd7 {[%emt 0:01:10]} 10. O-O-O {[%emt 0:01:48]} b5 {[%emt 0:06:23]} 11. Rdg1 {[%emt 0:22:41]} Nb6 {[%emt 0:18:42]} 12. g4 {[%emt 0:07:24]} b4 {[%emt 0:11:21]} 13. Ne2 {[%emt 0:03:35]} Nc4 {[%emt 0:06:30]} 14. Qd3 {[%emt 0:04:47]} Qa5 {[%emt 0:02:43]} 15. Qb3 {[%emt 0:07:12]} hxg4 {[%emt 0:01:48]} 16. Bg2 {[%emt 0:00:46]} Nd7 {[%emt 0:09:06]} 17. h5 {[%emt 0:10:40]} e5 {[%emt 0:05:03]} 18. dxe5 {[%emt 0:01:37]} Nc5 {[%emt 0:00:59]} 19. Qxc4 {[%emt 0:00:33]} dxc4 {[%emt 0:00:01]} 20. Bxc6+ {[%emt 0:00:10]} Ke7 {[%emt 0:02:26]} 21. h6 {[%emt 0:03:32]} Ne6 {[%emt 0:13:03]} 22. hxg7 {[%emt 0:00:40]} Rxh1 {[%emt 0:00:16]} 23. Rxh1 {[%emt 0:00:59]} Rg8 {[%emt 0:02:29]} 24. Nd4 {[%emt 0:06:19]} Nxf4 {[%emt 0:03:59]} 25. exf4 {[%emt 0:00:48]} Rd8 {[%emt 0:00:55]} 26. Be8 {[%emt 0:02:59]} Qc5 {[%emt 0:00:00] normal} 1-0

[Event "-chT Youth Countries 2019"]
[Site "Wuerzburg"]
[Date "2019.10.02"]
[Round "2.4"]
[White "Lutz, Ruben"]
[Black "Ermitsch, Magnus"]
[Result "1-0"]
[WhiteElo "2112"]
[BlackElo "1671"]
[Annotator "NA"]
[PlyCount "61"]
[EventDate "2019.10.02"]
[EventType "team-tourn"]
[EventRounds "7"]
[EventCountry "GER"]
[SourceTitle "playchess.com"]
[Source "ChessBase"]
[SourceQuality "1"]
[WhiteTeam "Sachsen"]
[BlackTeam "Berlin"]
[TimeControl "40/5400+30:1800+30"]

1. d4 {[%emt 0:00:00]} Nf6 {[%emt 0:00:10]} 2. Nf3 {[%emt 0:00:00]} e6 {[%emt 0:00:38]} 3. Bf4 {[%emt 0:00:20]} d5 {[%emt 0:00:44]} 4. e3 {[%emt 0:00:35]} c5 {[%emt 0:00:33]} 5. c3 {[%emt 0:00:08]} Nc6 {[%emt 0:00:44]} 6. Nbd2 {[%emt 0:00:24]} Bd6 {[%emt 0:00:33]} 7. Bg3 {[%emt 0:00:13]} O-O {[%emt 0:00:51]} 8. Bd3 {[%emt 0:00:10]} Re8 {[%emt 0:02:18]} 9. Ne5 {[%emt 0:05:06]} Qc7 {[%emt 0:05:12]} 10. f4 {[%emt 0:01:35]} Ne7 {[%emt 0:01:48]} 11. O-O {[%emt 0:06:02]} Nf5 {[%emt 0:00:46]} 12. Bf2 {[%emt 0:00:22]} c4 {[%emt 0:06:52]} 13. Bc2 {[%emt 0:00:46]} Qe7 {[%emt 0:02:09]} 14. g4 {[%emt 0:01:36]} a5 {[%emt 0:09:57]} 15. gxf5 {[%emt 0:01:07]} exf5 {[%emt 0:00:06]} 16. Ba4 {[%emt 0:06:38]} Rf8 {[%emt 0:01:29]} 17. Bh4 {[%emt 0:01:45]} Qe6 {[%emt 0:01:35]} 18. Qe2 {[%emt 0:05:29]} Ng4 {[%emt 0:02:04]} 19. Nxg4 {[%emt 0:01:17]} fxg4 {[%emt 0:00:56]} 20. f5 {[%emt 0:07:22]} Qh6 {[%emt 0:00:18]} 21. Bg3 {[%emt 0:00:06]} Bxg3 {[%emt 0:00:58]} 22. hxg3 {[%emt 0:00:05]} b5 {[%emt 0:00:17]} 23. Bc2 {[%emt 0:04:11]} Re8 {[%emt 0:00:50]} 24. Rae1 {[%emt 0:00:32]} b4 {[%emt 0:00:42]} 25. e4 {[%emt 0:07:13]} bxc3 {[%emt 0:00:33]} 26. bxc3 {[%emt 0:00:04]} Rb8 {[%emt 0:00:34]} 27. Rb1 {[%emt 0:01:42]} Rxb1 {[%emt 0:00:33]} 28. Bxb1 {[%emt 0:00:09]} dxe4 {[%emt 0:00:36]} 29. Nxe4 {[%emt 0:04:38]} Bb7 {[%emt 0:00:56]} 30. Rf4 {[%emt 0:10:55]} Bxe4 {[%emt 0:03:17]} 31. Bxe4 {[%emt 0:00:48] normal} 1-0

[Event "-chT Youth Countries 2019"]
[Site "Wuerzburg"]
[Date "2019.10.02"]
[Round "2.4"]
[White "Bakiev, Diyor"]
[Black "Post, Hugo"]
[Result "1/2-1/2"]
[WhiteElo "2088"]
[BlackElo "2204"]
[Annotator "NA"]
[PlyCount "66"]
[EventDate "2019.10.02"]
[EventType "team-tourn"]
[EventRounds "7"]
[EventCountry "GER"]
[SourceTitle "playchess.com"]
[Source "ChessBase"]
[SourceQuality "1"]
[WhiteTeam "Hessen"]
[BlackTeam "Sachsen-Anhalt"]
[TimeControl "40/5400+30:1800+30"]

1. e4 {[%emt 0:00:00]} c5 {[%emt 0:00:00]} 2. c3 {[%emt 0:00:00]} Nf6 {[%emt 0:00:05]} 3. e5 {[%emt 0:00:00]} Nd5 {[%emt 0:00:07]} 4. d4 {[%emt 0:00:00]} cxd4 {[%emt 0:00:25]} 5. Nf3 {[%emt 0:00:00]} d6 {[%emt 0:00:24]} 6. cxd4 {[%emt 0:00:03]} Nc6 {[%emt 0:00:20]} 7. Bc4 {[%emt 0:00:10]} dxe5 {[%emt 0:00:20]} 8. dxe5 {[%emt 0:00:08]} Ndb4 {[%emt 0:00:21]} 9. Qxd8+ {[%emt 0:00:27]} Nxd8 {[%emt 0:00:08]} 10. Na3 {[%emt 0:00:18]} Bg4 {[%emt 0:03:12]} 11. Nd4 {[%emt 0:05:11]} Ndc6 {[%emt 0:10:57]} 12. Nxc6 {[%emt 0:06:41]} Nxc6 {[%emt 0:00:22]} 13. f4 {[%emt 0:15:29]} a6 {[%emt 0:03:36]} 14. O-O {[%emt 0:01:14]} e6 {[%emt 0:02:25]} 15. Be3 {[%emt 0:03:17]} h5 {[%emt 0:08:02]} 16. Rac1 {[%emt 0:05:51]} h4 {[%emt 0:10:15]} 17. h3 {[%emt 0:02:10]} Bf5 {[%emt 0:00:13]} 18. Rfd1 {[%emt 0:01:59]} Be7 {[%emt 0:03:23]} 19. Be2 {[%emt 0:08:42]} Be4 {[%emt 0:11:51]} 20. Nc4 {[%emt 0:02:12]} O-O {[%emt 0:03:53]} 21. Rd7 {[%emt 0:05:39]} Rad8 {[%emt 0:02:19]} 22. Rcd1 {[%emt 0:04:10]} Bd5 {[%emt 0:05:02]} 23. Rxd8 {[%emt 0:04:10]} Rxd8 {[%emt 0:00:13]} 24. a3 {[%emt 0:01:01]} Bxc4 {[%emt 0:09:29]} 25. Rxd8+ {[%emt 0:00:19]} Bxd8 {[%emt 0:00:02]} 26. Bxc4 {[%emt 0:00:10]} g5 {[%emt 0:00:03]} 27. fxg5 {[%emt 0:06:28]} Nxe5 {[%emt 0:00:26]} 28. Be2 {[%emt 0:00:54]} Be7 {[%emt 0:03:54]} 29. Kf2 {[%emt 0:02:36]} Bd6 {[%emt 0:02:25]} 30. Bf4 {[%emt 0:19:07]} Bc5+ {[%emt 0:02:09]} 31. Be3 {[%emt 0:00:55]} Bd6 {[%emt 0:03:56]} 32. Bf4 {[%emt 0:00:28]} Bc5+ {[%emt 0:13:20]} 33. Be3 {[%emt 0:00:08]} Bd6 {[%emt 0:00:05] normal} 1/2-1/2

[Event "-chT Youth Countries 2019"]
[Site "Wuerzburg"]
[Date "2019.10.02"]
[Round "2.4"]
[White "Boder, Jan"]
[Black "Glinzner, Alva"]
[Result "1-0"]
[WhiteElo "2087"]
[BlackElo "1897"]
[Annotator "NA"]
[PlyCount "81"]
[EventDate "2019.10.02"]
[EventType "team-tourn"]
[EventRounds "7"]
[EventCountry "GER"]
[SourceTitle "playchess.com"]
[Source "ChessBase"]
[SourceQuality "1"]
[WhiteTeam "Rheinland-Pfalz"]
[BlackTeam "Schleswig-Holstein"]
[TimeControl "40/5400+30:1800+30"]

1. b3 {[%emt 0:00:00]} e5 {[%emt 0:00:00]} 2. Bb2 {[%emt 0:00:00]} d6 {[%emt 0:00:00]} 3. e3 {[%emt 0:02:03]} g6 {[%emt 0:04:46]} 4. f4 {[%emt 0:00:39]} Bg7 {[%emt 0:01:27]} 5. Nf3 {[%emt 0:00:08]} Nc6 {[%emt 0:03:17]} 6. Bc4 {[%emt 0:01:54]} Nh6 {[%emt 0:03:03]} 7. O-O {[%emt 0:01:50]} O-O {[%emt 0:00:26]} 8. fxe5 {[%emt 0:00:45]} dxe5 {[%emt 0:01:27]} 9. e4 {[%emt 0:08:29]} Na5 {[%emt 0:17:40]} 10. Be2 {[%emt 0:16:41]} Qe7 {[%emt 0:07:28]} 11. Ba3 {[%emt 0:06:51]} c5 {[%emt 0:01:31]} 12. Nc3 {[%emt 0:00:13]} Be6 {[%emt 0:05:55]} 13. Rb1 {[%emt 0:02:44]} Nc6 {[%emt 0:02:54]} 14. Nd5 {[%emt 0:10:35]} Qd6 {[%emt 0:04:32]} 15. c4 {[%emt 0:01:53]} f5 {[%emt 0:12:19]} 16. d3 {[%emt 0:00:41]} Rfd8 {[%emt 0:02:29]} 17. Qe1 {[%emt 0:08:12]} a5 {[%emt 0:05:58]} 18. Bc1 {[%emt 0:00:36]} Nf7 {[%emt 0:03:54]} 19. Bd2 {[%emt 0:06:12]} Ra6 {[%emt 0:07:02]} 20. a3 {[%emt 0:01:41]} b6 {[%emt 0:03:35]} 21. b4 {[%emt 0:04:41]} axb4 {[%emt 0:00:13]} 22. axb4 {[%emt 0:00:05]} Nd4 {[%emt 0:02:18]} 23. bxc5 {[%emt 0:04:12]} bxc5 {[%emt 0:01:26]} 24. Nxd4 {[%emt 0:00:05]} exd4 {[%emt 0:00:34]} 25. Bf4 {[%emt 0:03:24]} Be5 {[%emt 0:02:27]} 26. Bxe5 {[%emt 0:01:33]} Qxe5 {[%emt 0:00:53]} 27. Bf3 {[%emt 0:01:47]} Re8 {[%emt 0:02:02]} 28. Qc1 {[%emt 0:08:01]} Bd7 {[%emt 0:02:40]} 29. Qd2 {[%emt 0:00:55]} Rc6 {[%emt 0:01:14]} 30. exf5 {[%emt 0:02:40]} Qxf5 {[%emt 0:00:55]} 31. Ne7+ {[%emt 0:00:56]} Rxe7 {[%emt 0:00:12]} 32. Bxc6 {[%emt 0:00:06]} Qg4 {[%emt 0:00:43]} 33. Bxd7 {[%emt 0:00:56]} Qxd7 {[%emt 0:00:18]} 34. Qf4 {[%emt 0:00:45]} Qc7 {[%emt 0:00:37]} 35. Rb8+ {[%emt 0:01:44]} Kg7 {[%emt 0:00:24]} 36. Qf6+ {[%emt 0:02:31]} Kh6 {[%emt 0:00:04]} 37. Rc8 {[%emt 0:01:11]} Qa7 {[%emt 0:00:46]} 38. Rf8 {[%emt 0:00:27]} Ne5 {[%emt 0:00:54]} 39. Qf4+ {[%emt 0:00:31]} Kg7 {[%emt 0:00:24]} 40. Rg8+ {[%emt 0:00:46]} Kxg8 {[%emt 0:00:13]} 41. Qf8# {normal} 1-0

[Event "-chT Youth Countries 2019"]
[Site "Wuerzburg"]
[Date "2019.10.02"]
[Round "2.4"]
[White "Gutkin, Ilya"]
[Black "Haenselmann, Hendrik"]
[Result "1-0"]
[WhiteElo "2047"]
[BlackElo "1732"]
[Annotator "NA"]
[PlyCount "115"]
[EventDate "2019.10.02"]
[EventType "team-tourn"]
[EventRounds "7"]
[EventCountry "GER"]
[SourceTitle "playchess.com"]
[Source "ChessBase"]
[SourceQuality "1"]
[WhiteTeam "Nordrhein-Westfalen"]
[BlackTeam "Baden 1"]
[TimeControl "40/5400+30:1800+30"]

1. Nf3 {[%emt 0:00:00]} c5 {[%emt 0:00:00]} 2. b3 {[%emt 0:00:21]} Nf6 {[%emt 0:00:03]} 3. c4 {[%emt 0:00:57]} e6 {[%emt 0:00:23]} 4. Bb2 {[%emt 0:04:55]} Be7 {[%emt 0:00:37]} 5. g3 {[%emt 0:04:18]} b6 {[%emt 0:00:12]} 6. Bg2 {[%emt 0:01:23]} Bb7 {[%emt 0:00:15]} 7. O-O {[%emt 0:00:34]} d6 {[%emt 0:01:23]} 8. Nc3 {[%emt 0:07:16]} Nbd7 {[%emt 0:02:16]} 9. d4 {[%emt 0:01:04]} cxd4 {[%emt 0:00:15]} 10. Nxd4 {[%emt 0:00:51]} Bxg2 {[%emt 0:00:22]} 11. Kxg2 {[%emt 0:00:05]} Qc8 {[%emt 0:03:40]} 12. Qd2 {[%emt 0:06:09]} a6 {[%emt 0:00:48]} 13. f3 {[%emt 0:05:31]} O-O {[%emt 0:00:24]} 14. e4 {[%emt 0:01:08]} Qc7 {[%emt 0:01:10]} 15. Rac1 {[%emt 0:01:13]} Rac8 {[%emt 0:01:50]} 16. Rfd1 {[%emt 0:02:42]} Rfe8 {[%emt 0:01:23]} 17. Nc2 {[%emt 0:02:47]} Nc5 {[%emt 0:03:15]} 18. Ne3 {[%emt 0:00:55]} Qb7 {[%emt 0:06:09]} 19. Qe2 {[%emt 0:03:58]} h6 {[%emt 0:11:30]} 20. Rd2 {[%emt 0:02:23]} Rb8 {[%emt 0:13:20]} 21. Kg1 {[%emt 0:20:38]} Rec8 {[%emt 0:12:35]} 22. Ncd1 {[%emt 0:03:07]} Qc7 {[%emt 0:04:07]} 23. Nf2 {[%emt 0:01:39]} Ncd7 {[%emt 0:08:57]} 24. Nd3 {[%emt 0:04:10]} Ne5 {[%emt 0:01:25]} 25. Nxe5 {[%emt 0:02:35]} dxe5 {[%emt 0:00:34]} 26. Rcd1 {[%emt 0:02:22]} Bc5 {[%emt 0:04:47]} 27. Kg2 {[%emt 0:00:23]} h5 {[%emt 0:01:20]} 28. Nc2 {[%emt 0:04:37]} Bf8 {[%emt 0:06:41]} 29. Qe3 {[%emt 0:08:17]} Be7 {[%emt 0:01:14]} 30. Qc3 {[%emt 0:02:12]} Rd8 {[%emt 0:02:33]} 31. Qxe5 {[%emt 0:00:55]} Qxe5 {[%emt 0:00:42]} 32. Bxe5 {[%emt 0:00:25]} Rbc8 {[%emt 0:00:26]} 33. Rxd8+ {[%emt 0:00:34]} Rxd8 {[%emt 0:00:10]} 34. Rxd8+ {[%emt 0:00:10]} Bxd8 {[%emt 0:00:09]} 35. Nb4 {[%emt 0:00:37]} a5 {[%emt 0:02:03]} 36. Nc6 {[%emt 0:00:26]} Nd7 {[%emt 0:00:25]} 37. Bd6 {[%emt 0:00:51]} Bg5 {[%emt 0:01:02]} 38. f4 {[%emt 0:00:09]} Bh6 {[%emt 0:00:09]} 39. Nb8 {[%emt 0:01:30]} Nc5 {[%emt 0:00:36]} 40. Bxc5 {[%emt 0:01:05]} bxc5 {[%emt 0:00:04]} 41. Nd7 {[%emt 0:30:11]} g5 {[%emt 0:30:22]} 42. Kf3 {[%emt 0:00:30]} gxf4 {[%emt 0:00:16]} 43. gxf4 {[%emt 0:00:06]} Bf8 {[%emt 0:00:29]} 44. Nxf8 {[%emt 0:00:00]} Kxf8 {[%emt 0:00:00]} 45. Ke3 {[%emt 0:00:00]} Ke7 {[%emt 0:00:00]} 46. Kd3 {[%emt 0:00:00]} e5 {[%emt 0:00:00]} 47. f5 {[%emt 0:00:00]} h4 {[%emt 0:00:00]} 48. a3 {[%emt 0:00:00]} Kf6 {[%emt 0:00:00]} 49. b4 {[%emt 0:00:00]} axb4 {[%emt 0:00:00]} 50. axb4 {[%emt 0:00:00]} Kg5 {[%emt 0:00:00]} 51. b5 {[%emt 0:00:00]} Kg4 {[%emt 0:00:00]} 52. b6 {[%emt 0:00:00]} Kh3 {[%emt 0:00:00]} 53. b7 {[%emt 0:00:00]} Kxh2 {[%emt 0:00:00]} 54. b8=Q {[%emt 0:00:00]} f6 {[%emt 0:00:00]} 55. Ke2 {[%emt 0:00:00]} h3 {[%emt 0:00:00]} 56. Kf2 {[%emt 0:00:00]} Kh1 {[%emt 0:00:00]} 57. Qb1+ {[%emt 0:00:00]} Kh2 {[%emt 0:00:00]} 58. Qg1# {normal} 1-0

[Event "-chT Youth Countries 2019"]
[Site "Wuerzburg"]
[Date "2019.10.02"]
[Round "2.4"]
[White "Danninger, Jannik"]
[Black "Mueller, Maximilian"]
[Result "1/2-1/2"]
[WhiteElo "1990"]
[BlackElo "2308"]
[Annotator "TA"]
[PlyCount "66"]
[EventDate "2019.10.02"]
[EventType "team-tourn"]
[EventRounds "7"]
[EventCountry "GER"]
[SourceTitle "playchess.com"]
[Source "ChessBase"]
[SourceQuality "1"]
[WhiteTeam "Bayern 2"]
[BlackTeam "Saarland"]

{[%evp 21,66,35,37,-104,-54,-164,-167,-186,-85,-91,26,27,48,54,57,18,41,-164,51,-45,-70,-570,-565,-564,-558,-527,-526,-514,-500,-1144,-1137,-985,-621,-1926,-2538,-29986,-29986,-29985,-29986,-29988,-29973,-2451,0,-29985,-1514,-1160,0]} 1. e4 e6 2. d4 d5 3. Nd2 Nf6 4. e5 Nfd7 5. Bd3 c5 6. c3 Nc6 7. Ne2 cxd4 8. cxd4 f6 9. Nf4 Nxd4 10. Qh5+ Ke7 11. exf6+ Nxf6 {[#]} 12. Qh4 {C06: French Tarrasch: 3...Nf6 4 e5 Nfd7 5 Bd3 main lines} (12. Ng6+ $1 $14 {[%mdl 512] keeps the upper hand.} hxg6 13. Qxh8) (12. Ng6+ hxg6 13. Qxh8 Kf7 14. O-O e5 15. Nb3 Nxb3 16. axb3 Be6 17. Bg5 Qb6 18. Bxf6 Kxf6 19. Rac1 e4 20. Bb1 Rd8 21. Qh4+ g5 22. Qh5 g6 23. Qe2 {0-1 (43) Socko,B (2587)-Tikkanen,H (2515) Stockholm 2016}) 12... Kf7 13. Ng6 (13. O-O $15) 13... hxg6 $19 14. Qxh8 {Black is clearly better.} Nh5 $146 (14... e5 $19 {and Black stays clearly on top.} 15. O-O e4) ({Predecessor:} 14... e5 15. Qh4 e4 16. O-O Nf5 17. Qh8 exd3 18. Nf3 Ne4 19. Ne5+ Kf6 20. Nxd3 {1-0 (30) Lipovsek,M (2032)-Nemec,H (1760) Slovenia 2014}) 15. O-O $17 e5 ({Better is} 15... Nf4 $17 16. Bb1 Bd7) 16. Nb3 $11 {Black must now prevent Nxd4.} Nxb3 17. axb3 Be6 18. Qh7 Qf6 19. f4 $2 (19. Be3 $14 {stays ahead.}) 19... exf4 $2 (19... e4 $1 $19 20. Be2 Qd4+ 21. Kh1 Nf6) 20. Bxf4 (20. Kh1 $14) 20... Nxf4 $15 21. Rxf4 $4 {[%mdl 8192]} (21. Kh1 $1 $15) 21... Bc5+ $19 22. Kh1 Qxf4 23. Qxg6+ Ke7 24. Qxg7+ Kd6 {Hoping for ...Rg8.} 25. Qxb7 {[#]} (25. Rf1 $142 Qd4 26. Qg3+ Qe5 27. Qxe5+ Kxe5 28. Bg6) 25... Rh8 $1 {[%csl Gf4][%cal Rh8h2]} 26. Bh7 Qh6 27. b4 Bb6 28. b5 Rxh7 {[%csl Gh7][%cal Rh6h2]} 29. Qc6+ Ke7 {[%csl Gh7][%cal Rh6h2]} 30. Qb7+ Kd8 {[%csl Gh7][%cal Rh6h2]} 31. Qa8+ Ke7 {[%csl Gh7][%cal Rh6h2]} 32. Qb7+ $1 {[#]} Ke8 (32... Kf6 $142 $1 33. Qxh7 Qxh7 34. Rf1+ Kg5 35. Re1 {[#]} Bh3 $1 {[%mdl 512]} 36. gxh3 Qxh3 37. Rg1+ Kf5 38. Rg2 Qf3 $1 {[%mdl 512]} 39. h4 Qh3+ {[%mdl 64] Double Attack} 40. Rh2 Qf1#) 33. Qc6+ Ke7 $2 {Accuracy: White = 20%, Black = 51%.} ({Black should try} 33... Rd7 $19 34. Qc8+ Ke7) 1/2-1/2

[Event "-chT Youth Countries 2019"]
[Site "Wuerzburg"]
[Date "2019.10.02"]
[Round "2.4"]
[White "Amato, Cristiano"]
[Black "Jacoby, Angelina"]
[Result "1-0"]
[WhiteElo "1746"]
[BlackElo "1635"]
[Annotator "NA"]
[PlyCount "57"]
[EventDate "2019.10.02"]
[EventType "team-tourn"]
[EventRounds "7"]
[EventCountry "GER"]
[SourceTitle "playchess.com"]
[Source "ChessBase"]
[SourceQuality "1"]
[WhiteTeam "Baden 2"]
[BlackTeam "SG Brandenburg / Berlin"]
[TimeControl "40/5400+30:1800+30"]

1. e4 {[%emt 0:00:00]} d5 {[%emt 0:00:00]} 2. exd5 {[%emt 0:00:00]} Qxd5 {[%emt 0:00:00]} 3. Nc3 {[%emt 0:00:02]} Qa5 {[%emt 0:00:00]} 4. Nf3 {[%emt 0:00:38]} Nf6 {[%emt 0:00:29]} 5. d4 {[%emt 0:03:24]} c6 {[%emt 0:00:08]} 6. Bd3 {[%emt 0:01:46]} Bg4 {[%emt 0:03:40]} 7. Bf4 {[%emt 0:03:01]} e6 {[%emt 0:02:12]} 8. O-O {[%emt 0:04:17]} Qb6 {[%emt 0:08:16]} 9. Qd2 {[%emt 0:11:39]} Bxf3 {[%emt 0:01:59]} 10. gxf3 {[%emt 0:00:07]} Qxd4 {[%emt 0:00:26]} 11. Be3 {[%emt 0:00:18]} Qe5 {[%emt 0:04:02]} 12. Kh1 {[%emt 0:05:23]} Bd6 {[%emt 0:04:24]} 13. f4 {[%emt 0:00:30]} Qh5 {[%emt 0:02:45]} 14. Be2 {[%emt 0:01:28]} Ng4 {[%emt 0:18:13]} 15. Bxg4 {[%emt 0:00:16]} Qxg4 {[%emt 0:00:04]} 16. f3 {[%emt 0:01:02]} Qh3 {[%emt 0:02:36]} 17. Qxd6 {[%emt 0:00:16]} Na6 {[%emt 0:01:25]} 18. Rad1 {[%emt 0:01:09]} h6 {[%emt 0:08:13]} 19. Qd7+ {[%emt 0:00:31]} Kf8 {[%emt 0:00:22]} 20. Qxb7 {[%emt 0:00:33]} Rb8 {[%emt 0:01:22]} 21. Qxa6 {[%emt 0:00:20]} g5 {[%emt 0:00:18]} 22. Bc5+ {[%emt 0:00:44]} Kg8 {[%emt 0:00:46]} 23. Qxa7 {[%emt 0:03:12]} Rc8 {[%emt 0:02:01]} 24. Qd7 {[%emt 0:00:21]} Rb8 {[%emt 0:00:55]} 25. Bd4 {[%emt 0:00:21]} Rh7 {[%emt 0:01:19]} 26. Bf6 {[%emt 0:00:33]} Rf8 {[%emt 0:00:18]} 27. Ne4 {[%emt 0:01:08]} c5 {[%emt 0:02:07]} 28. Nd6 {[%emt 0:00:31]} c4 {[%emt 0:00:46]} 29. Nc8 {[%emt 0:00:11] normal} 1-0

[Event "-chT Youth Countries 2019"]
[Site "Wuerzburg"]
[Date "2019.10.02"]
[Round "2.4"]
[White "Muller, Magnus"]
[Black "Moeller, Hannah"]
[Result "1-0"]
[WhiteElo "1478"]
[BlackElo "1850"]
[Annotator "NA"]
[PlyCount "43"]
[EventDate "2019.10.02"]
[EventType "team-tourn"]
[EventRounds "7"]
[EventCountry "GER"]
[SourceTitle "playchess.com"]
[Source "ChessBase"]
[SourceQuality "1"]
[WhiteTeam "Thüringen"]
[BlackTeam "Bremen/Niedersachsen"]
[TimeControl "40/5400+30:1800+30"]

1. d4 {[%emt 0:00:00]} Nf6 {[%emt 0:00:00]} 2. Bf4 {[%emt 0:00:00]} g6 {[%emt 0:00:00]} 3. Nc3 {[%emt 0:00:00]} Bg7 {[%emt 0:00:00]} 4. e4 {[%emt 0:00:00]} d6 {[%emt 0:00:01]} 5. Qd2 {[%emt 0:00:04]} h5 {[%emt 0:00:46]} 6. O-O-O {[%emt 0:00:21]} c6 {[%emt 0:00:46]} 7. f3 {[%emt 0:01:11]} b5 {[%emt 0:00:40]} 8. Qe1 {[%emt 0:06:00]} Qb6 {[%emt 0:06:41]} 9. e5 {[%emt 0:00:50]} dxe5 {[%emt 0:01:00]} 10. dxe5 {[%emt 0:00:10]} Nh7 {[%emt 0:00:41]} 11. Ne4 {[%emt 0:22:26]} O-O {[%emt 0:07:22]} 12. g4 {[%emt 0:03:53]} hxg4 {[%emt 0:02:34]} 13. h4 {[%emt 0:01:22]} Nd7 {[%emt 0:16:39]} 14. Qg3 {[%emt 0:00:44]} Nc5 {[%emt 0:05:11]} 15. Nxc5 {[%emt 0:09:21]} Qxc5 {[%emt 0:00:08]} 16. Bd3 {[%emt 0:00:16]} Rd8 {[%emt 0:02:01]} 17. fxg4 {[%emt 0:01:56]} Qb4 {[%emt 0:03:00]} 18. h5 {[%emt 0:00:32]} Bxg4 {[%emt 0:09:34]} 19. Nf3 {[%emt 0:07:33]} gxh5 {[%emt 0:04:27]} 20. Bxh7+ {[%emt 0:02:17]} Kxh7 {[%emt 0:00:18]} 21. Rxd8 {[%emt 0:00:53]} Bxf3 {[%emt 0:02:13]} 22. Rg1 {[%emt 0:00:42] normal} 1-0

[Event "-chT Youth Countries 2019"]
[Site "Wuerzburg"]
[Date "2019.10.02"]
[Round "2.5"]
[White "Riddell, Joshua S."]
[Black "Nguyen, Ha Thanh"]
[Result "1/2-1/2"]
[WhiteElo "2130"]
[BlackElo "1998"]
[Annotator "NA"]
[PlyCount "41"]
[EventDate "2019.10.02"]
[EventType "team-tourn"]
[EventRounds "7"]
[EventCountry "GER"]
[SourceTitle "playchess.com"]
[Source "ChessBase"]
[SourceQuality "1"]
[WhiteTeam "Bremen/Niedersachsen"]
[BlackTeam "Thueringen"]
[TimeControl "40/5400+30:1800+30"]

1. e4 {[%emt 0:00:00]} c5 {[%emt 0:00:00]} 2. Nf3 {[%emt 0:00:00]} Nc6 {[%emt 0:00:00]} 3. d4 {[%emt 0:00:06]} cxd4 {[%emt 0:00:00]} 4. Nxd4 {[%emt 0:00:08]} g6 {[%emt 0:00:00]} 5. c4 {[%emt 0:00:24]} Bg7 {[%emt 0:00:00]} 6. Be3 {[%emt 0:00:08]} Nf6 {[%emt 0:00:09]} 7. Nc3 {[%emt 0:00:08]} O-O {[%emt 0:00:19]} 8. Be2 {[%emt 0:00:08]} d6 {[%emt 0:00:23]} 9. O-O {[%emt 0:00:10]} Bd7 {[%emt 0:00:19]} 10. f3 {[%emt 0:00:07]} Nxd4 {[%emt 0:00:43]} 11. Bxd4 {[%emt 0:00:18]} a5 {[%emt 0:00:26]} 12. Nd5 {[%emt 0:04:45]} Nxd5 {[%emt 0:05:20]} 13. cxd5 {[%emt 0:00:06]} Rc8 {[%emt 0:16:06]} 14. Bxg7 {[%emt 0:02:33]} Kxg7 {[%emt 0:00:07]} 15. Qd4+ {[%emt 0:00:04]} Kg8 {[%emt 0:00:14]} 16. Rac1 {[%emt 0:00:21]} Rc7 {[%emt 0:02:31]} 17. Rc3 {[%emt 0:02:22]} Rxc3 {[%emt 0:11:39]} 18. bxc3 {[%emt 0:01:31]} Qc7 {[%emt 0:00:38]} 19. Rb1 {[%emt 0:00:15]} Rc8 {[%emt 0:01:03]} 20. c4 {[%emt 0:00:30]} Be8 {[%emt 0:10:11]} 21. Kf1 {[%emt 0:01:38] normal} 1/2-1/2